| 000 | 00913nam a2200289Ia 4500 | ||
|---|---|---|---|
| 001 | Para_3478 | ||
| 003 | CHAP | ||
| 008 | 220125s1912 xx 000 0 und d | ||
| 010 | _a202043 | ||
| 040 | _cCHAP | ||
| 090 | _aPA FOLLETO 961 | ||
| 100 |
_aJones, C. R. _961981 |
||
| 245 |
_aInvestigation of the potato fungus phytophthora infestants / _c by L. R. Jones, N. J. Giddings and B. F. Lutman |
||
| 260 |
_aBurlington, VT. : _b University of Vermont and State Agricultural College |
||
| 300 | _a100 p. | ||
| 440 |
_aVermont. Agr. Exp. Sta., Bull.; 168 _9167011 |
||
| 650 |
_aPhytophthora infestants Tizón tardío de la papa _9167012 |
||
| 700 |
_aGiddings, N. J. _947894 |
||
| 700 | _aLutman, B. F. | ||
| 901 | _aPA FOLLETO 961 | ||
| 902 | _aA | ||
| 905 | _a0000001912 BURa 0000000000 00 | ||
| 910 | _a1912 | ||
| 942 | _cPARA | ||
| 942 |
_cPARA _d1 |
||
| 999 |
_c202043 _d202043 |
||